[Event "Olomouc 2008 - IM - D"]
[Site "?"]
[Date "2008.07.30"]
[Round "1.3"]
[White "Shumilov, Illya"]
[Black "Jurcik, Marian"]
[Result "1/2-1/2"]
[WhiteElo "2286"]
[BlackElo "2378"]
[PlyCount "101"]
[EventDate "2008.07.30"]

1. d4 Nf6 2. Nf3 e6 3. Nbd2 c5 4. e3 d5 5. c3 Nbd7 6. Bd3 Bd6 7. O-O O-O 8. Re1
Qc7 9. e4 cxd4 10. cxd4 dxe4 11. Nxe4 Bf4 12. Nxf6+ Nxf6 13. Ne5 Bxc1 14. Rxc1
Qd6 15. Re3 Bd7 16. Rh3 h6 17. Qd2 Rfc8 18. Re1 Be8 19. Rxh6 gxh6 20. Qxh6 Qf8
21. Qxf6 Qg7 22. Qf4 Bc6 23. Bf1 f6 24. Ng4 Rf8 25. Rxe6 Rae8 26. Nxf6+ Rxf6
27. Qxf6 Qxf6 28. Rxf6 Re1 29. Rxc6 bxc6 30. g3 Rd1 31. Kg2 Rd2 32. Bc4+ Kg7
33. Kf3 Rxb2 34. Ke3 Rb4 35. Bb3 a5 36. f4 a4 37. Be6 Kf6 38. f5 Rb1 39. h4
Re1+ 40. Kf3 Rf1+ 41. Ke2 Rg1 42. Kf2 Rd1 43. g4 Rxd4 44. g5+ Ke7 45. Kg3 c5
46. h5 c4 47. h6 Rd3+ 48. Kg4 Rd4+ 49. Kg3 Rd3+ 50. Kg4 Rd4+ 51. Kg3 1/2-1/2

[Event "Olomouc 2008 - IM - D"]
[Site "?"]
[Date "2008.07.30"]
[Round "1.4"]
[White "Lahner, Jakub"]
[Black "Jurek, Josef"]
[Result "1/2-1/2"]
[WhiteElo "2294"]
[BlackElo "2368"]
[PlyCount "28"]
[EventDate "2008.07.30"]

1. d4 Nf6 2. c4 e6 3. Nc3 Bb4 4. Qc2 O-O 5. a3 Bxc3+ 6. Qxc3 b6 7. Bg5 Bb7 8.
f3 h6 9. Bh4 d5 10. e3 Nbd7 11. cxd5 Nxd5 12. Bxd8 Nxc3 13. Bh4 Nd5 14. Bf2 c5
1/2-1/2

[Event "Olomouc 2008 - IM - D"]
[Site "?"]
[Date "2008.07.30"]
[Round "1.5"]
[White "Andersson, Fredrik"]
[Black "Husari, Satea"]
[Result "1/2-1/2"]
[WhiteElo "2225"]
[BlackElo "2362"]
[PlyCount "48"]
[EventDate "2008.07.30"]

1. e4 e5 2. Nf3 Nc6 3. Bb5 a6 4. Ba4 b5 5. Bb3 Nf6 6. d3 Bc5 7. O-O d6 8. a4 b4
9. a5 O-O 10. Bg5 Be6 11. Nbd2 h6 12. Bh4 g5 13. Bg3 Bg4 14. c3 bxc3 15. bxc3
Ne7 16. Qc2 Nh5 17. d4 exd4 18. cxd4 Ba7 19. Bc4 Bxf3 20. Nxf3 g4 21. Nh4 Nxg3
22. hxg3 Bxd4 23. Rab1 c5 24. Rb6 Nc8 1/2-1/2

[Event "Olomouc 2008 - IM - D"]
[Site "?"]
[Date "2008.07.31"]
[Round "2.1"]
[White "Jurek, Josef"]
[Black "Andersson, Fredrik"]
[Result "1-0"]
[WhiteElo "2368"]
[BlackElo "2225"]
[PlyCount "89"]
[EventDate "2008.07.30"]

1. Nf3 Nf6 2. g3 g6 3. c4 Bg7 4. d4 O-O 5. Bg2 d6 6. Nc3 Nc6 7. O-O a6 8. d5
Na5 9. Nd2 c5 10. Qc2 Rb8 11. b3 b5 12. Bb2 h5 13. Rae1 h4 14. Nd1 bxc4 15.
bxc4 e5 16. Bc3 Nb7 17. Nb2 Nh5 18. Rb1 f5 19. Na4 Bd7 20. Nb6 Be8 21. Rb2 hxg3
22. hxg3 Bh6 23. Rfb1 Rf7 24. Nf1 Rh7 25. Na4 f4 26. Nxc5 fxg3 27. Ne4 gxf2+
28. Nxf2 Nf4 29. Qe4 Qc7 30. Ng3 Bg5 31. e3 Nxg2 32. Kxg2 Rh4 33. Qf3 Rxc4 34.
Nge4 Be7 35. Ng4 Bd7 36. Ngf6+ Bxf6 37. Nxf6+ Kg7 38. Rh1 Rh8 39. Rxh8 Kxh8 40.
Rb1 g5 41. Qh5+ Kg7 42. Qxg5+ Kf7 43. Rh1 Rg4+ 44. Nxg4 Bxg4 45. Rh7+ 1-0

[Event "Olomouc 2008 - IM - D"]
[Site "?"]
[Date "2008.07.31"]
[Round "2.2"]
[White "Jurcik, Marian"]
[Black "Lahner, Jakub"]
[Result "1-0"]
[WhiteElo "2378"]
[BlackElo "2294"]
[PlyCount "49"]
[EventDate "2008.07.30"]

1. e4 e5 2. Nf3 Nc6 3. Bb5 a6 4. Ba4 Nf6 5. O-O b5 6. Bb3 Bc5 7. Qe2 d6 8. c3
O-O 9. Rd1 Bb6 10. d3 h6 11. h3 Re8 12. Nbd2 Be6 13. Bxe6 Rxe6 14. Nf1 Ne7 15.
Nh4 d5 16. Ng3 Ne8 17. a4 Nd6 18. Nhf5 Nexf5 19. exf5 Re8 20. axb5 axb5 21.
Rxa8 Qxa8 22. f6 Qd8 23. Nh5 gxf6 24. Qg4+ Kf8 25. Bxh6+ 1-0

[Event "Olomouc 2008 - IM - D"]
[Site "?"]
[Date "2008.07.31"]
[Round "2.3"]
[White "Ptacnikova, Lenka"]
[Black "Shumilov, Illya"]
[Result "1/2-1/2"]
[WhiteElo "2259"]
[BlackElo "2286"]
[PlyCount "74"]
[EventDate "2008.07.30"]

1. e4 c5 2. Nf3 d6 3. d4 cxd4 4. Nxd4 Nf6 5. Nc3 g6 6. Be3 Bg7 7. f3 a6 8. Qd2
Nbd7 9. Bh6 Bxh6 10. Qxh6 b5 11. O-O-O Bb7 12. Bd3 b4 13. Nce2 Qb6 14. Rd2 Rc8
15. Kb1 e5 16. Nb3 a5 17. Rhd1 a4 18. Nbc1 Ke7 19. b3 Rhd8 20. Bc4 Nf8 21. g4
Ba6 22. Bxa6 Qxa6 23. Nd3 Qb6 24. Nb2 axb3 25. cxb3 Ne6 26. Nc4 Qc5 27. Qe3
Qxe3 28. Nxe3 h6 29. h4 Nc7 30. Nc4 Nb5 31. Kb2 Rc5 32. Nc1 Nd4 33. Nd3 Rb5 34.
Rf2 g5 35. h5 Nd7 36. Ne3 Nb6 37. Nc2 Nc6 1/2-1/2

[Event "Olomouc 2008 - IM - D"]
[Site "?"]
[Date "2008.07.31"]
[Round "2.4"]
[White "Klima, Lukas"]
[Black "Prikryl, Tomas"]
[Result "1/2-1/2"]
[WhiteElo "2439"]
[BlackElo "2058"]
[PlyCount "44"]
[EventDate "2008.07.30"]

1. e4 d6 2. d4 Nf6 3. Nc3 g6 4. Be3 Bg7 5. h3 Nc6 6. f4 O-O 7. e5 Nd7 8. Nf3
Nb6 9. Qd2 Na5 10. b3 Nc6 11. Rd1 Nb4 12. Ne2 N6d5 13. Bf2 Bf5 14. Rc1 Nxa2 15.
Rb1 Ndb4 16. Rb2 c5 17. Ng3 Nxc2+ 18. Rxc2 Bxc2 19. Qxc2 Qa5+ 20. Qd2 Nb4 21.
Be2 Nc2+ 22. Kd1 Nb4 1/2-1/2

[Event "Olomouc 2008 - IM - D"]
[Site "?"]
[Date "2008.07.31"]
[Round "2.5"]
[White "Reutsky, Sergei"]
[Black "Cerveny, Petr"]
[Result "1-0"]
[WhiteElo "2344"]
[BlackElo "2353"]
[PlyCount "70"]
[EventDate "2008.07.30"]

1. e4 c5 2. Nf3 e6 3. d4 cxd4 4. Nxd4 Nf6 5. Nc3 d6 6. Be3 a6 7. Be2 Qc7 8. f4
b5 9. a3 Bb7 10. Bf3 Nc6 11. O-O Be7 12. Qe1 Nxd4 13. Bxd4 O-O 14. Qg3 Rad8 15.
Kh1 Rd7 16. Rae1 Rfd8 17. Be2 g6 18. Qe3 Rf8 19. f5 e5 20. Bb6 Qb8 21. Qh3 Qc8
22. Be3 Rc7 23. Bd3 d5 24. exd5 Rd8 25. Qg3 Nh5 26. Qf2 Rxc3 27. fxg6 fxg6 28.
Qf7+ Kh8 29. Qxe7 Re8 30. Rf8+ Rxf8 31. Qxe5+ Kg8 32. Bd4 Nf6 33. Bxc3 Bxd5 34.
Rf1 Qg4 35. Rf2 Qd1+ 1-0

[Event "Olomouc 2008 - IM - D"]
[Site "?"]
[Date "2008.08.01"]
[Round "3.1"]
[White "Prikryl, Tomas"]
[Black "Reutsky, Sergei"]
[Result "0-1"]
[WhiteElo "2058"]
[BlackElo "2344"]
[PlyCount "74"]
[EventDate "2008.07.30"]

1. e4 e6 2. d3 d5 3. Nd2 c5 4. Ngf3 Nc6 5. g3 Bd6 6. Qe2 Nge7 7. Bg2 O-O 8. O-O
b6 9. Re1 Ba6 10. e5 Bc7 11. Nf1 Ng6 12. Bf4 f6 13. Bh3 Bc8 14. exf6 Nxf4 15.
gxf4 Rxf6 16. Ng5 Nd4 17. Qh5 h6 18. c3 Bxf4 19. Nf7 Rxf7 20. cxd4 Qf6 21. dxc5
bxc5 22. Re2 e5 23. Bg2 Be6 24. Rae1 Raf8 25. Rc2 Qe7 26. Ne3 Qd6 27. Rec1 d4
28. Be4 g6 29. Bxg6 Rg7 30. Ng2 Bxc1 31. Rxc1 Bd5 32. Be4 Bxe4 33. dxe4 Qf6 34.
Qe2 Qg5 35. Qf1 Kh7 36. Rc2 d3 37. f4 dxc2 0-1

[Event "Olomouc 2008 - IM - D"]
[Site "?"]
[Date "2008.08.01"]
[Round "3.3"]
[White "Lahner, Jakub"]
[Black "Ptacnikova, Lenka"]
[Result "1/2-1/2"]
[WhiteElo "2294"]
[BlackElo "2259"]
[PlyCount "31"]
[EventDate "2008.07.30"]

1. d4 Nf6 2. c4 e6 3. Nc3 Bb4 4. Qc2 O-O 5. Bg5 h6 6. Bh4 d5 7. cxd5 exd5 8. e3
Nbd7 9. a3 Be7 10. Nf3 Re8 11. Bd3 Nf8 12. h3 c6 13. Bg3 Ne6 14. O-O Ng5 15.
Ne5 Bd6 16. b4 1/2-1/2

[Event "Olomouc 2008 - IM - D"]
[Site "?"]
[Date "2008.08.01"]
[Round "3.5"]
[White "Husari, Satea"]
[Black "Jurek, Josef"]
[Result "1/2-1/2"]
[WhiteElo "2362"]
[BlackElo "2368"]
[PlyCount "25"]
[EventDate "2008.07.30"]

1. d4 d5 2. c4 e6 3. Nf3 Nf6 4. Nc3 Be7 5. cxd5 exd5 6. Bg5 c6 7. e3 Bf5 8. Bd3
Bxd3 9. Qxd3 O-O 10. O-O Nbd7 11. Rfb1 Re8 12. b4 a6 13. Bf4 1/2-1/2

[Event "Olomouc 2008 - IM - D"]
[Site "?"]
[Date "2008.08.01"]
[Round "4.1"]
[White "Jurcik, Marian"]
[Black "Husari, Satea"]
[Result "1-0"]
[WhiteElo "2378"]
[BlackElo "2362"]
[PlyCount "81"]
[EventDate "2008.07.30"]

1. e4 e5 2. Nf3 Nc6 3. Bb5 a6 4. Ba4 Nf6 5. Qe2 Bc5 6. c3 b5 7. Bb3 d6 8. O-O
O-O 9. Rd1 Bb6 10. h3 Re8 11. d3 Be6 12. Bxe6 Rxe6 13. Nbd2 h6 14. Nf1 Ne7 15.
Nh4 Ng6 16. Nf5 Kh7 17. N1g3 Nf4 18. Qf3 g6 19. Ne3 Re8 20. Ng4 Nxg4 21. hxg4
Qf6 22. Bxf4 Qxf4 23. Qxf4 exf4 24. Ne2 f5 25. gxf5 gxf5 26. Nxf4 c6 27. exf5
Re5 28. Re1 Rxf5 29. Re7+ Kg8 30. g3 Raf8 31. Rae1 h5 32. Rb7 Re5 33. Rf1 Rg5
34. Kh2 Bd8 35. Ne6 Re8 36. Nxg5 Bxg5 37. Rb6 Re2 38. Rxc6 Be7 39. b4 Rxa2 40.
Kg2 Bf6 41. d4 1-0

[Event "Olomouc 2008 - IM - D"]
[Site "?"]
[Date "2008.08.01"]
[Round "4.2"]
[White "Ptacnikova, Lenka"]
[Black "Andersson, Fredrik"]
[Result "1-0"]
[WhiteElo "2259"]
[BlackElo "2225"]
[PlyCount "71"]
[EventDate "2008.07.30"]

1. e4 c5 2. Nf3 d6 3. d4 cxd4 4. Nxd4 Nf6 5. Nc3 Nc6 6. Bg5 Bd7 7. Qd2 Rc8 8.
O-O-O Nxd4 9. Qxd4 Qa5 10. Bd2 a6 11. f3 Qc7 12. Bd3 e6 13. Qf2 b5 14. Kb1 b4
15. Ne2 a5 16. g4 Ba4 17. b3 Bc6 18. Nd4 Nd7 19. Be3 Be7 20. g5 Ne5 21. Bb5
Bxb5 22. Nxb5 Qb8 23. Qe2 O-O 24. f4 Nc6 25. h4 Rfd8 26. h5 Rd7 27. g6 fxg6 28.
hxg6 h6 29. Qg4 Nd8 30. Nd4 Qc7 31. Rh2 Qb7 32. Nxe6 Qxe4 33. Nc5 Rxc5 34. Qxd7
Qf3 35. Rhd2 Rh5 36. Qxe7 1-0

[Event "Olomouc 2008 - IM - D"]
[Site "?"]
[Date "2008.08.01"]
[Round "4.4"]
[White "Reutsky, Sergei"]
[Black "Shumilov, Illya"]
[Result "1-0"]
[WhiteElo "2344"]
[BlackElo "2286"]
[PlyCount "71"]
[EventDate "2008.07.30"]

1. e4 c5 2. Nf3 Nc6 3. Bb5 g6 4. O-O Bg7 5. c3 Nf6 6. Re1 O-O 7. h3 a6 8. Bf1
d6 9. d4 Qc7 10. Bg5 cxd4 11. cxd4 d5 12. Bxf6 Bxf6 13. exd5 Na7 14. Nc3 Rd8
15. Qb3 Bf5 16. Rac1 Rac8 17. Ne5 Qb8 18. d6 Bxe5 19. Rxe5 exd6 20. Re7 Be6 21.
Rxe6 fxe6 22. Qxe6+ Kg7 23. Qe7+ Kh8 24. Qf6+ Kg8 25. Nd5 Re8 26. Rxc8 Qxc8 27.
Ne7+ Rxe7 28. Qxe7 d5 29. g3 Nc6 30. Qd6 Qf5 31. Bg2 Qb1+ 32. Kh2 Qxb2 33.
Qxd5+ Kg7 34. Qd7+ Kh6 35. d5 Ne5 36. Qe7 1-0

[Event "Olomouc 2008 - IM - D"]
[Site "?"]
[Date "2008.08.01"]
[Round "4.5"]
[White "Cerveny, Petr"]
[Black "Prikryl, Tomas"]
[Result "0-1"]
[WhiteElo "2353"]
[BlackElo "2058"]
[PlyCount "74"]
[EventDate "2008.07.30"]

1. e4 d6 2. d4 Nf6 3. Nc3 g6 4. f4 Bg7 5. Nf3 O-O 6. a3 Nc6 7. d5 Nb8 8. Be3
Bg4 9. Be2 Nbd7 10. h3 Bxf3 11. Bxf3 e5 12. dxe6 fxe6 13. O-O Qe7 14. g4 Nb6
15. Qd3 Nfd7 16. b4 g5 17. Bg2 gxf4 18. Bxf4 Ne5 19. Bxe5 Bxe5 20. Rad1 a6 21.
Ne2 Na4 22. Qb3 Nb2 23. Rb1 Rxf1+ 24. Rxf1 b5 25. Kh1 Nc4 26. Qd3 Rf8 27. Ng3
Rxf1+ 28. Nxf1 Qh4 29. a4 Qf2 30. axb5 Bd4 31. Kh2 Qg1+ 32. Kg3 Bf2+ 33. Kf4
axb5 34. Bf3 Bh4 35. Be2 Ne5 36. Qb3 Ng6+ 37. Kf3 Qf2# 0-1

[Event "Olomouc 2008 - IM - D"]
[Site "?"]
[Date "2008.08.02"]
[Round "5.1"]
[White "Shumilov, Illya"]
[Black "Cerveny, Petr"]
[Result "1-0"]
[WhiteElo "2286"]
[BlackElo "2353"]
[PlyCount "115"]
[EventDate "2008.07.30"]

1. d4 g6 2. Nf3 Bg7 3. e4 d6 4. c3 Nd7 5. Bd3 e6 6. Nbd2 b6 7. Qe2 a6 8. O-O
Bb7 9. Re1 Ne7 10. a4 O-O 11. Nf1 h6 12. h4 c5 13. h5 g5 14. Ng3 cxd4 15. cxd4
Nc6 16. Be3 Nb4 17. Bb1 a5 18. Nh2 Nb8 19. Qd2 N8c6 20. Ra3 e5 21. d5 Ne7 22.
Ng4 Bc8 23. f3 f6 24. Bf2 f5 25. exf5 Nxf5 26. Ne4 Bb7 27. Nc3 Nd4 28. Bxd4
exd4 29. Nb5 Bxd5 30. Nxd4 Qd7 31. Rae3 Rae8 32. Rxe8 Rxe8 33. Rxe8+ Qxe8 34.
Nf5 Qe6 35. Nfe3 Kf8 36. Bf5 Qe8 37. Nxd5 Nxd5 38. Be4 Nf6 39. Nxf6 Bxf6 40.
Qxd6+ Qe7 41. Qxb6 Qe5 42. Kh1 Qxb2 43. Qd6+ Be7 44. Qxh6+ Qg7 45. Qe6 Qa1+ 46.
Kh2 Qf6 47. Qxf6+ Bxf6 48. h6 Kg8 49. Kh3 Bc3 50. Kg4 Bd2 51. Kh5 Kh8 52. g3
Be3 53. f4 gxf4 54. g4 Kg8 55. g5 Bd4 56. g6 Bc3 57. Bd5+ Kf8 58. g7+ 1-0

[Event "Olomouc 2008 - IM - D"]
[Site "?"]
[Date "2008.08.02"]
[Round "5.2"]
[White "Lahner, Jakub"]
[Black "Reutsky, Sergei"]
[Result "1/2-1/2"]
[WhiteElo "2294"]
[BlackElo "2344"]
[PlyCount "40"]
[EventDate "2008.07.30"]

1. d4 f5 2. g3 Nf6 3. Bg2 g6 4. Nh3 Bg7 5. Nf4 O-O 6. h4 d6 7. d5 c6 8. Nc3
cxd5 9. h5 e6 10. hxg6 hxg6 11. Nxg6 Rf7 12. e3 Nc6 13. Ne2 Ne7 14. Nxe7+ Qxe7
15. Nf4 Bd7 16. Bd2 Ng4 17. Bf3 Ne5 18. Bg2 Ng4 19. Bf3 Ne5 20. Bg2 Ng4 1/2-1/2

[Event "Olomouc 2008 - IM - D"]
[Site "?"]
[Date "2008.08.02"]
[Round "5.3"]
[White "Andersson, Fredrik"]
[Black "Klima, Lukas"]
[Result "1/2-1/2"]
[WhiteElo "2225"]
[BlackElo "2439"]
[PlyCount "48"]
[EventDate "2008.07.30"]

1. e4 c5 2. Nf3 Nc6 3. Bb5 g6 4. Bxc6 bxc6 5. O-O Bg7 6. c3 d6 7. h3 Nh6 8. d4
cxd4 9. cxd4 f6 10. Re1 Nf7 11. Nc3 O-O 12. Be3 Rb8 13. Qc2 Bd7 14. Nd2 Qa5 15.
a3 Qh5 16. d5 c5 17. b4 Ng5 18. Ne2 f5 19. bxc5 Nxh3+ 20. gxh3 Bxa1 21. Rxa1
Qxe2 22. cxd6 f4 23. Bxa7 Bxh3 24. Qd1 Qxd1+ 1/2-1/2

[Event "Olomouc 2008 - IM - D"]
[Site "?"]
[Date "2008.08.02"]
[Round "5.4"]
[White "Husari, Satea"]
[Black "Ptacnikova, Lenka"]
[Result "1-0"]
[WhiteElo "2362"]
[BlackElo "2259"]
[PlyCount "93"]
[EventDate "2008.07.30"]

1. d4 Nf6 2. c4 e6 3. Nf3 Bb4+ 4. Nbd2 O-O 5. a3 Bxd2+ 6. Qxd2 Ne4 7. Qc2 f5 8.
e3 b6 9. Bd3 Bb7 10. O-O Qe7 11. Nd2 Nxd2 12. Bxd2 d6 13. Rae1 Qg5 14. f3 Nd7
15. e4 Qg6 16. Bc3 Qf7 17. exf5 exf5 18. Re2 g6 19. Rfe1 Rfe8 20. d5 c6 21.
dxc6 Bxc6 22. b4 Rxe2 23. Qxe2 Ne5 24. f4 Nxd3 25. Qxd3 Re8 26. Rxe8+ Bxe8 27.
Qd4 Kf8 28. Qxd6+ Qe7 29. Qd4 Kf7 30. h3 Bc6 31. b5 Be4 32. Bb4 Qf6 33. Qd7+
Kg8 34. Qc8+ Kg7 35. Qc7+ Kg8 36. Qb8+ Kg7 37. Qxa7+ Kg8 38. Qb8+ Kg7 39. Qc7+
Kg8 40. Qc8+ Kg7 41. Kh2 Kh6 42. Qd7 g5 43. Be7 Qf7 44. Bxg5+ Kg7 45. Qd4+ Kg8
46. Bf6 h6 47. Qxb6 1-0

[Event "Olomouc 2008 - IM - D"]
[Site "?"]
[Date "2008.08.03"]
[Round "6.1"]
[White "Ptacnikova, Lenka"]
[Black "Jurek, Josef"]
[Result "1-0"]
[WhiteElo "2259"]
[BlackElo "2368"]
[PlyCount "87"]
[EventDate "2008.07.30"]

1. e4 e6 2. d4 d5 3. Nd2 Nf6 4. e5 Nfd7 5. c3 c5 6. Bd3 Nc6 7. Ne2 cxd4 8. cxd4
f6 9. exf6 Nxf6 10. Nf3 Bd6 11. O-O O-O 12. Bf4 Bxf4 13. Nxf4 Ng4 14. Qd2 Qd6
15. g3 e5 16. dxe5 Qh6 17. h4 Ngxe5 18. Be2 Rxf4 19. Qxf4 Qxf4 20. gxf4 Ng6 21.
Bb5 Nxf4 22. Rfe1 Bg4 23. Bxc6 Bxf3 24. Bxb7 Rf8 25. Re3 Bg2 26. f3 d4 27. Re7
d3 28. Be4 Rb8 29. Rb7 Rxb7 30. Bxb7 Bh3 31. Be4 Be6 32. b3 Kf7 33. Rd1 Ne2+
34. Kf2 Nc3 35. Rd2 h6 36. Bxd3 Kf6 37. Bc4 Bf5 38. Ke3 g5 39. hxg5+ hxg5 40.
Kd4 Nb1 41. Rh2 g4 42. fxg4 Bxg4 43. Bd3 Na3 44. Rh6+ 1-0

[Event "Olomouc 2008 - IM - D"]
[Site "?"]
[Date "2008.08.03"]
[Round "6.2"]
[White "Klima, Lukas"]
[Black "Husari, Satea"]
[Result "1/2-1/2"]
[WhiteElo "2439"]
[BlackElo "2362"]
[PlyCount "20"]
[EventDate "2008.07.30"]

1. e4 e5 2. Nf3 Nc6 3. Bb5 a6 4. Ba4 Nf6 5. O-O Bc5 6. Bxc6 dxc6 7. d3 Qe7 8.
Be3 Bg4 9. h3 Bh5 10. Nbd2 Nd7 1/2-1/2

[Event "Olomouc 2008 - IM - D"]
[Site "?"]
[Date "2008.08.03"]
[Round "6.3"]
[White "Reutsky, Sergei"]
[Black "Andersson, Fredrik"]
[Result "1-0"]
[WhiteElo "2344"]
[BlackElo "2225"]
[PlyCount "65"]
[EventDate "2008.07.30"]

1. e4 c6 2. d4 d5 3. Nc3 dxe4 4. Nxe4 Bf5 5. Ng3 Bg6 6. h4 h6 7. h5 Bh7 8. Nf3
Nd7 9. Bd3 Bxd3 10. Qxd3 e6 11. Bd2 Ngf6 12. O-O-O Be7 13. Kb1 O-O 14. Ne4 c5
15. Nxf6+ Nxf6 16. g4 Nxg4 17. Rhg1 Nxf2 18. Qe2 Nxd1 19. Bxh6 Kh7 20. Bxg7 Rg8
21. h6 Nc3+ 22. bxc3 cxd4 23. Nxd4 Ba3 24. Ka1 Qb6 25. Rb1 Qa6 26. Qf3 Qc4 27.
Nb5 Bf8 28. Qxf7 Bxg7 29. hxg7 Qh4 30. Rg1 Qh6 31. Qf3 a6 32. Qe4+ Qg6 33.
Qxg6# 1-0

[Event "Olomouc 2008 - IM - D"]
[Site "?"]
[Date "2008.08.03"]
[Round "6.4"]
[White "Cerveny, Petr"]
[Black "Lahner, Jakub"]
[Result "1/2-1/2"]
[WhiteElo "2353"]
[BlackElo "2294"]
[PlyCount "52"]
[EventDate "2008.07.30"]

1. d4 d5 2. Nf3 Nf6 3. c4 e6 4. Nc3 Bb4 5. cxd5 exd5 6. Bg5 h6 7. Bxf6 Qxf6 8.
Rc1 O-O 9. a3 Bxc3+ 10. Rxc3 c6 11. e3 Qe7 12. Be2 Bg4 13. Ne5 Bxe2 14. Qxe2
Nd7 15. Nxd7 Qxd7 16. b4 a5 17. O-O axb4 18. axb4 Ra4 19. Rb1 Rfa8 20. b5 cxb5
21. Rc5 Rc4 22. h3 Ra5 23. Qb2 Rxc5 24. dxc5 Qc6 25. Qb4 Ra4 26. Qxb5 Rc4
1/2-1/2

[Event "Olomouc 2008 - IM - D"]
[Site "?"]
[Date "2008.08.03"]
[Round "6.5"]
[White "Prikryl, Tomas"]
[Black "Shumilov, Illya"]
[Result "0-1"]
[WhiteElo "2058"]
[BlackElo "2286"]
[PlyCount "118"]
[EventDate "2008.07.30"]

1. e4 c5 2. Nc3 d6 3. g3 g6 4. Bg2 Bg7 5. d3 Nc6 6. Nh3 e6 7. O-O Nge7 8. f4
O-O 9. a4 a6 10. Ng5 Rb8 11. Qe1 Nd4 12. Qf2 b5 13. axb5 axb5 14. Nd1 b4 15.
Ne3 Bd7 16. g4 f6 17. Nh3 f5 18. gxf5 exf5 19. Ng5 Ne6 20. Qh4 Nxg5 21. fxg5
Qc7 22. exf5 Nxf5 23. Nxf5 Bxf5 24. Qc4+ Kh8 25. Rf4 Rbe8 26. Bd2 Bxb2 27. Raf1
Be5 28. Bxb4 d5 29. Qxc5 Bxf4 30. Qxc7 Bxc7 31. Bxd5 Bb6+ 32. Kg2 Re2+ 33. Kf3
Re3+ 34. Kf4 Rc8 35. Bd6 Rd8 36. Be5+ Rxe5 37. Kxe5 Bc7+ 38. Kd4 Be6 39. c4
Bxd5 40. cxd5 Bxh2 41. Kc5 Rc8+ 42. Kb6 Kg7 43. Rf6 Rc3 44. d6 Rxd3 45. Kc6
Rxd6+ 46. Rxd6 Bxd6 47. Kxd6 h6 48. Ke5 hxg5 49. Ke4 Kf6 50. Kf3 Kf5 51. Kg3
Ke6 52. Kf3 Ke5 53. Kg4 Kf6 54. Kg3 Kf5 55. Kf3 g4+ 56. Kg3 Kg5 57. Kg2 Kh4 58.
Kh2 g3+ 59. Kg2 Kg4 0-1

[Event "Olomouc 2008 - IM - D"]
[Site "?"]
[Date "2008.08.03"]
[Round "7.1"]
[White "Lahner, Jakub"]
[Black "Prikryl, Tomas"]
[Result "1-0"]
[WhiteElo "2294"]
[BlackElo "2058"]
[PlyCount "43"]
[EventDate "2008.07.30"]

1. d4 Nf6 2. c4 g6 3. Nc3 Bg7 4. e4 d6 5. Nf3 O-O 6. Be2 e5 7. O-O exd4 8. Nxd4
Re8 9. f3 Nc6 10. Be3 Nd7 11. Qd2 Nde5 12. Rad1 Be6 13. b3 a6 14. f4 Nxd4 15.
Bxd4 Nc6 16. Bxg7 Kxg7 17. f5 gxf5 18. exf5 Bd7 19. f6+ Kh8 20. Qh6 Rg8 21. Bd3
Rg6 22. Bxg6 1-0

[Event "Olomouc 2008 - IM - D"]
[Site "?"]
[Date "2008.08.03"]
[Round "7.3"]
[White "Husari, Satea"]
[Black "Reutsky, Sergei"]
[Result "0-1"]
[WhiteElo "2362"]
[BlackElo "2344"]
[PlyCount "48"]
[EventDate "2008.07.30"]

1. d4 f5 2. e4 fxe4 3. Nc3 Nf6 4. Bg5 g6 5. f3 d5 6. fxe4 Nxe4 7. Nxe4 dxe4 8.
Bc4 Nc6 9. Qd2 Qxd4 10. Qxd4 Nxd4 11. O-O-O Bg7 12. c3 Nf5 13. Ne2 Nd6 14. Bb3
Bg4 15. Rhe1 Bf6 16. Bf4 O-O-O 17. h3 Bd7 18. g4 e5 19. Be3 Bh4 20. Rg1 Bb5 21.
Ng3 Bd3 22. Bh6 Rhf8 23. Rde1 Rf3 24. Re3 g5 0-1

[Event "Olomouc 2008 - IM - D"]
[Site "?"]
[Date "2008.08.03"]
[Round "7.4"]
[White "Jurek, Josef"]
[Black "Klima, Lukas"]
[Result "1/2-1/2"]
[WhiteElo "2368"]
[BlackElo "2439"]
[PlyCount "21"]
[EventDate "2008.07.30"]

1. d4 Nf6 2. c4 g6 3. Nc3 Bg7 4. e4 d6 5. h3 O-O 6. Bg5 h6 7. Be3 e5 8. d5 a5
9. Bd3 Na6 10. Nge2 Ne8 11. Qd2 1/2-1/2

. Bd3 e6 13. Qf2 b5 14. Kb1 b4
15. Ne2 a5 16. g4 Ba4 17. b3 Bc6 18. Nd4 Nd7 19. Be3 Be7 20. g5 Ne5 21. Bb5
Bxb5 22. Nxb5 Qb8 23. Qe2 O-O 24. f4 Nc6 25. h4 Rfd8 26. h5 Rd7 27. g6 fxg6 28.
hxg6 h6 29. Qg4 Nd8 30. Nd4 Qc7 31. Rh2 Qb7 32. Nxe6 Qxe4 33. Nc5 Rxc5 34. Qxd7
Qf3 35. Rhd2 Rh5 36. Qxe7 1-0

[Event "Olomouc 2008 - IM - D"]
[Site "?"]
[Date "2008.08.03"]
[Round "7.5"]
[White "Jurcik, Marian"]
[Black "Ptacnikova, Lenka"]
[Result "1/2-1/2"]
[WhiteElo "2378"]
[BlackElo "2259"]
[PlyCount "30"]
[EventDate "2008.07.30"]

1. d4 Nf6 2. c4 e6 3. Nf3 Bb4+ 4. Bd2 c5 5. Bxb4 cxb4 6. g3 O-O 7. Bg2 Qe7 8.
O-O a5 9. Qd3 d6 10. Nbd2 e5 11. e4 b6 12. Rfe1 Nc6 13. Nf1 Bg4 14. N1d2 Rac8
15. b3 Rfd8 1/2-1/2

[Event "Olomouc 2008 - IM - D"]
[Site "?"]
[Date "2008.08.04"]
[Round "8.1"]
[White "Klima, Lukas"]
[Black "Jurcik, Marian"]
[Result "1/2-1/2"]
[WhiteElo "2439"]
[BlackElo "2378"]
[PlyCount "90"]
[EventDate "2008.07.30"]

1. e4 e5 2. Nf3 Nc6 3. Bb5 a6 4. Ba4 Nf6 5. O-O Be7 6. Re1 b5 7. Bb3 d6 8. c3
O-O 9. h3 Na5 10. Bc2 c5 11. d3 Nc6 12. Nbd2 Re8 13. Nf1 Bf8 14. Ng3 Bb7 15.
Nh2 g6 16. Qf3 Bg7 17. Ng4 Nxg4 18. hxg4 f6 19. Bb3+ Kh8 20. Bd5 Na5 21. Bxb7
Nxb7 22. Nf1 Na5 23. Ne3 Nc6 24. Qh3 Ra7 25. a4 b4 26. Nd5 bxc3 27. bxc3 Ne7
28. Nxe7 Qxe7 29. Be3 Rb7 30. Rab1 Reb8 31. Rxb7 Qxb7 32. g5 Qf7 33. gxf6 Bxf6
34. c4 Bd8 35. g3 Ba5 36. Rf1 Bc3 37. f4 exf4 38. Rxf4 Qg7 39. Qf1 Bd4 40. Bxd4
Qxd4+ 41. Kg2 Kg8 42. Qf3 Qe5 43. Qg4 Qe7 44. Rf2 Kg7 45. a5 h5 1/2-1/2

[Event "Olomouc 2008 - IM - D"]
[Site "?"]
[Date "2008.08.04"]
[Round "8.2"]
[White "Reutsky, Sergei"]
[Black "Jurek, Josef"]
[Result "1/2-1/2"]
[WhiteElo "2344"]
[BlackElo "2368"]
[PlyCount "28"]
[EventDate "2008.07.30"]

1. e4 e6 2. d4 d5 3. Nc3 Bb4 4. e5 c5 5. a3 Bxc3+ 6. bxc3 Ne7 7. Nf3 b6 8. Bb5+
Bd7 9. Bd3 Ba4 10. h4 h6 11. h5 c4 12. Be2 Kd7 13. Bf4 Qg8 14. Qd2 Nbc6 1/2-1/2

[Event "Olomouc 2008 - IM - D"]
[Site "?"]
[Date "2008.08.04"]
[Round "8.3"]
[White "Cerveny, Petr"]
[Black "Husari, Satea"]
[Result "0-1"]
[WhiteElo "2353"]
[BlackElo "2362"]
[PlyCount "44"]
[EventDate "2008.07.30"]

1. Nf3 Nf6 2. g3 g6 3. Bg2 Bg7 4. O-O O-O 5. d4 d6 6. c4 Nc6 7. Nc3 Bf5 8. Ne1
Na5 9. e4 Bg4 10. Qd3 c5 11. d5 a6 12. h3 Bd7 13. Rb1 b5 14. b3 Rb8 15. Bb2 e6
16. g4 exd5 17. exd5 bxc4 18. bxc4 h5 19. f3 Rb4 20. Ne4 Rxb2 21. Rxb2 Nxe4 22.
Rc2 Ng3 0-1

[Event "Olomouc 2008 - IM - D"]
[Site "?"]
[Date "2008.08.04"]
[Round "8.4"]
[White "Prikryl, Tomas"]
[Black "Andersson, Fredrik"]
[Result "0-1"]
[WhiteElo "2058"]
[BlackElo "2225"]
[PlyCount "40"]
[EventDate "2008.07.30"]

1. e4 c5 2. Nc3 d6 3. g3 Nc6 4. Bg2 g6 5. d3 Bg7 6. Nh3 e6 7. O-O Nge7 8. f4
O-O 9. a3 b6 10. Ng5 h6 11. Nf3 Bb7 12. Nh4 f5 13. exf5 exf5 14. g4 Kh7 15. Nd5
Nxd5 16. Nxg6 Kxg6 17. Bxd5 Na5 18. gxf5+ Kh7 19. Be4 Qf6 20. Qf3 d5 0-1

[Event "Olomouc 2008 - IM - D"]
[Site "?"]
[Date "2008.08.04"]
[Round "8.5"]
[White "Shumilov, Illya"]
[Black "Lahner, Jakub"]
[Result "1/2-1/2"]
[WhiteElo "2286"]
[BlackElo "2294"]
[PlyCount "29"]
[EventDate "2008.07.30"]

1. d4 Nf6 2. Nf3 e6 3. Nbd2 c5 4. e3 d5 5. c3 Nbd7 6. Bd3 Bd6 7. O-O O-O 8. Re1
e5 9. e4 dxe4 10. Nxe4 Nxe4 11. Bxe4 exd4 12. cxd4 cxd4 13. Qxd4 Bc5 14. Qc3
Qb6 15. Be3 1/2-1/2